| 000 | 00447nam a22001457a 4500 | ||
|---|---|---|---|
| 082 | _aT-215 | ||
| 100 |
_aAli Baig _951238 |
||
| 245 | _aImpact of Transformational Leadership on Employee Performance an Empirical Study of Construction Industry of Pakistan | ||
| 260 |
_aRisalpur, _bMCE, _c2017. |
||
| 300 |
_a67p. _bill |
||
| 526 |
_a0 _b0 _c0 _dT_215 |
||
| 650 |
_aMS CE&M-2 _951239 |
||
| 700 |
_aMaj Nadeem Anwer Qureshi _951240 |
||
| 942 |
_2ddc _cBK |
||
| 999 |
_c553974 _d553974 |
||